000 04045nam a22002177a 4500
005 20250804140916.0
006 a|||||r|||||||||||
008 250804b |||||||f |||| 00| 0 eng d
020 _a9789605863128
040 _bgre
_aGR-AtMCL
_dGR-AtMCL
_eAACR2
245 0 3 _aΤο βιβλίο της Python /
_cΝικόλαος Σαμαράς, Κωνσταντίνος Τσιλπίδης
250 _a
260 _aΑθήνα :
_bΚριτική,
_c2019
520 _aΤο "Βιβλίο της Python" είναι ένα πλήρες εγχειρίδιο αναφοράς για την εκμάθηση της γλώσσας. Ξεκινάει από τα πιο βασικά στοιχεία που χρειάζεται να μάθει κάποιος ο οποίος ασχολείται για πρώτη φορά με τον προγραμματισμό και προχωράει σε βάθος, σε κάθε πτυχή της γλώσσας και σε πιο σύνθετες προγραμματιστικές τεχνικές που θα καλύψουν ακόμα και τους πιο προχωρημένους και απαιτητικούς αναγνώστες. Το υλικό του βιβλίου δίνεται μέσα από απλές και εύκολα κατανοητές περιγραφές που καλύπτουν τις ιδιαιτερότητες και τα χαρακτηριστικά της Python. Με περισσότερα από 140 ολοκληρωμένα παραδείγματα, υποδειγματικά λυμένα, που συνοδεύονται με αναλυτικές περιγραφές και σχολιασμό, ο αναγνώστης έχει τη δυνατότητα να κατανοήσει και να εφαρμόσει τις δομές και τα ιδιαίτερα γνωρίσματα της γλώσσας. Με πάνω από 350 λίστες κώδικα με τη μορφή προγραμμάτων, παρουσιάζονται οι λειτουργίες της γλώσσας, καθώς και οι λύσεις των παραδειγμάτων με επεξηγηματικά σχόλια και περιγραφές, ενώ η βαθμιαία κλιμάκωση της πολυπλοκότητας των προβλημάτων που επιλύονται θα βοηθήσει στην εκμάθηση και συνδυαστική χρήση των διαφορετικών δομών της γλώσσας. Ο κώδικας που παρουσιάζεται είναι διαθέσιμος και σε ηλεκτρονική μορφή για την άμεση χρήση και δοκιμή του στην πράξη. Την ύλη συνοδεύουν περισσότερες από 60 εικόνες με σχηματικές απεικονίσεις και αναπαραστάσεις δομών, ενώ οι 30 και πλέον αναλυτικοί πίνακες παρουσιάζουν και περιγράφουν με λεπτομέρεια και με κατάλληλα παραδείγματα τη λειτουργία πολύπλοκων στοιχείων της γλώσσας. Για την εμπέδωση της ύλης και την κατανόηση των δομών της Python δίνονται για εξάσκηση περισσότερες από 400 προγραμματιστικές ασκήσεις και ερωτήσεις κατανόησης και επανάληψης, οργανωμένες ανά κεφάλαιο. Διατίθενται ακόμη αναλυτικά ευρετήρια πινάκων, εικόνων και κώδικα, καθώς και ερμηνευτικό γλωσσάρι ορολογίας.
650 0 _aΠληροφορική
_99850
650 0 _aPython (Γλώσσα προγραμματισμού)
_99934
700 _aΣαμαράς, Νικόλαος
_99935
700 _aΤσιπλίδης, Κωνσταντίνος
_99936
942 _cBK
999 _c9863
_d9863